[Event "GER-ch U12"]
[Site "Willingen"]
[Date "2024.05.22"]
[Round "5"]
[White "Jahn, Gustav"]
[Black "Wettstein, Levin"]
[Result "0-1"]
[WhiteElo "1755"]
[BlackElo "1753"]
[PlyCount "102"]
[EventDate "2024.05.19"]
[EventType "swiss"]
[EventRounds "9"]
[EventCountry "GER"]
[SourceTitle "CBM 220 Extra"]
[Source "ChessBase"]
[SourceDate "2024.07.31"]
[SourceVersion "1"]
[SourceVersionDate "2024.07.31"]
[SourceQuality "1"]

1. e4 e5 2. Nf3 Nc6 3. Bc4 Bc5 4. c3 Nf6 5. d3 d6 6. h3 h6 7. 0-0 0-0 8. Re1 a5 9. Bb3 Be6 10. Bc2 Ne7 11. d4 Bb6 12. dxe5 dxe5 13. Qxd8 Raxd8 14. Nxe5 Ng6 15. Nxg6 fxg6 16. Be3 Bxe3 17. Rxe3 Nh5 18. Na3 Rd2 19. g4 Nf4 20. Rd1 Rfd8 21. Rxd2 Rxd2 22. Kf1 h5 23. Ke1 Rd8 24. Rf3 g5 25. Bb3 Bxb3 26. axb3 hxg4 27. hxg4 Nd3+ 28. Kf1 Nf4 29. Rxf4 gxf4 30. Ke2 g5 31. Nb5 c6 32. Nd4 Kf7 33. b4 axb4 34. Nb3 bxc3 35. bxc3 Kf6 36. Na5 Rd7 37. Nb3 Ke5 38. f3 b6 39. Nd2 b5 40. Nb3 Rd8 41. Nc5 Rh8 42. Nb3 Rh2+ 43. Kd3 Rf2 44. Nd2 c5 45. Kc2 c4 46. Kd1 Kd6 47. Ke1 Rh2 48. Kd1 Rh8 49. Kc2 Ke5 50. Kb2 Rd8 51. Kc2 Rd3 0-1